Parque Nacional Natural El Cocuy (Registro nro. 6682)

Detalles MARC
000 -CABECERA
Campo de control 01204nam a2200205 a 4500
005 - FECHA Y HORA DE LA ULTIMA TRANSACCION
Campo de control 20171123152332.0
008 - ELEMENTOS DE LONGITUD FIJA—INFORMACION GENERAL
Campo de control 140130b2007 ck ||||| |||| 00| 0 spa d
040 ## - FUENTE DE CATALOGACIÓN
Agencia catalogadora original CO-BoIAVH
Agencia transcriptora CO-BoIAVH
041 ## - IDIOMA
Código de idioma para texto/pista de sonido o título separado Español
044 ## - PAÍS DE PUBLICACIÓN
País de publicación Colombia
082 ## - NUMERO DE CLASIFICACION DECIMAL DEWEY
Número de clasificación 333.783
Número del ítem I35r1
090 ## - CLASIFICACIÓN LOCAL
Colección IAVH
Consecutivo 01242
245 ## - MENCION DE TITULO
Título Parque Nacional Natural El Cocuy
Parte restante del título resumen ejecutivo. Plan de Manejo 2005-2009
260 ## - PUBLICACION, DISTRIBUCION, ETC. (PIE DE IMPRENTA)
Lugar de publicación, distribución, etc. Bogotá
Nombre del editor, distribuidor, etc. Parques Nacionales Naturales
-- Instituto Alexander von Humboldt
Fecha de publicación, distribución, etc. 2007
300 ## - DESCRIPCION FISICA
Extensión 52 p.
505 ## - NOTA DE CONTENIDO
Nota de contenido Contenido CD: Plan de manejo documento ejecutivo SFF Otún Quimbaya -- Plan de manejo documento ejecutivo SFF El Cocuy -- Plan de manejo documento ejecutivo PNN Pisba -- Plan de manejo documento ejecutivo Tamá - Plan de manejo documento ejecutivo Iguaque -- Plan de manejo Otún Quimbaya 2006 -- Plan de manejo Iguaque 2006 -- Plan de manejo El Cocuy 2006 -- Plan de manejo documento ejecutivo PNN Nevados - Anexo informe final ONF Andina para GEF Andes -- Plan de manejo PNN Pisba 2006 -- Plan de manejo Tamá -- Plan de manejo PNN Nevados -- Informe final ONF Andina para GEF Andes
662 ## - ASIENTO SECUNDARIO DE MATERIA - JERARQUIA DEL NOMBRE DE LUGAR(
País o entidad mayor Colombia
Jurisdicción política intermedia Parque Nacional Natural El Cocuy
942 ## - ELEMENTOS ADICIONALES (KOHA)
Tipo de ítem Impreso
Koha issues (borrowed), all copies 2
Sistema de clasificación Local
945 ## - PROCESAMIENTO LOCAL
AAAA-MM-DD - Fecha de ingreso o modificacion 2008-11-25
Existencias
Withdrawn status Lost status Sistema de Clasificación Damaged status No para préstamo Colección Inventariado Ubicación Permanente Ubicación actual Fecha de adquisición Fuente de Valor Valor Total Checkouts Número topográfico Inventario / Código de Barras Date last seen Ejemplar Price effective from Forma de adquisición Tipo de material Total Renewals Date checked out Public note
    Dewey Decimal Classification     Humboldt Inventariado 2017 Bogotá Bogotá 25/11/2008 Instituto 40000.00   IAVH-333.783 I35r1 026527 04/12/2012 Ej. 1 04/12/2012 Institucional Libro      
    Local     Humboldt   Bogotá Bogotá 25/11/2008       IAVH-01242 026595 04/12/2012 Ej. 2 04/12/2012 Institucional CD-ROM     Parque Nacional Natural El Cocuy
    Local     Referencia   Villa de Leyva Villa de Leyva 25/11/2008     1 IAVH-01242 026528 09/01/2014 Ej. 1 04/12/2012 Institucional Libro 2 17/09/2013  
    Local     Humboldt   Villa de Leyva Villa de Leyva 25/11/2008     1 IAVH-01242 026596 09/01/2014 Ej. 2 04/12/2012 Institucional Libro 2 17/09/2013 Parque Nacional Natural El Cocuy